00513 a2200181 450000500170000000800410001702000300005804000090008808200170009710000260011424500840014026000400022430000080026465000200027265000120029265000130030465000140031720260428141140.0260428b |||||||| |||| 00| 0 eng d a9789394262768cRs.1350.00 aMAIN a306.6bP886R aPrasad, Birendra Nath aReligion in society: Social dimension of buddhism Hinduism and Jainism in india bManohar Publishersc2025aNew Delhi a225 aSocial Sciences aCulture aReligion aHinduism